00682cam a2200181 4500008004100000020001500041035001200056100002700068245009200095260007500187300003600262440004600298504003100344504002100375650004700396650002600443650003100469080404s2005 mx 000 0 spa u a9703223060 aa4690391 aChavez, José Ricardo aAndróginos :beros y ocultismo en la literatura romántica /cJosé Ricardo Chavez. aMéxico :bUNAM ; Instituto de Investigaciones Filológicas, cc2005 a435 p. + 6 h. de ils. ;c21 cm. aCuadernos del Seminario de Poética ; 22 aBibliografía: p. 417-432 aIncluye índice 4aAndroginia (psicología en la literatura) 4aAmor en la literatura 4aOcultismo en la literatura